000 01322nam a2200337 a 4500
001 000110918
003 CHAP
005 20220329144151.0
008 141021s2014 mx a |sm |||||||spa d
010 _a107380
011 _a108352
040 _cCHAP
090 _aTesis
100 1 _aVázquez Chena, Yaneth
_9128664
245 1 0 _aDeterminación del efecto de la aplicación de dos soluciones nutritivas en la composición química del foraje verde hidropónico de avena (Avena sativa) y cebada (hordeum vulgare)
_h[En línea]
_cpor Yaneth Vázquez Chena y José Manuel Salvador Castillo.
260 _aChapingo, Méx. :
_bEl autor,
_c2014.
500 _aPara ver el contenido del material haga clic en la liga
502 _aTesis (Ing. Agr. Esp. en Suelos) -- UACH. Departamento de Suelos
590 _aE11695DGD
_b10
_c20141024
_lUCH01
_h0746
590 _aE5652GLJ
_b05
_c20141021
_lUCH01
_h1307
590 _aE5652GLJ
_b05
_c20141021
_lUCH01
_h1307
650 1 4 _aAvena como forraje.
_98556
650 1 4 _aAvena
_xAnálisis.
_98506
650 1 4 _aForrajes
_xProducción.
_942589
650 1 4 _aForrajes
_xValor nutritivo.
_942601
700 1 _aSalvador Castillo, José Manuel
_9128665
856 _aFinding aid
_uhttp://10.13.5.2/tesis/sist110918.pdf
_zTeclea aquí
901 _aBK
942 _cTESIS
942 _n0
999 _c107380
_d107380